Donovaly - horská obec v najzápadnejšej časti Nízkych Tatier, vyhľadávané turistické a lyžiarske stredisko

Zobrazenie: Päť čiastkových pohľadov, každý v bielom orámovaní, všetky spolu na zlatom podklade. Vpravo je vodorovne medzi pohľadmi bielym písmom na modrom podklade v bielom orámovaní názov. Pohľad na lyžiarov na lyžiarskom vleku, v pozadí sú vysoké hory s hustým ihličnatým lesom. Pohľad na zasnežen...

Full description

Bibliographic Details
Other Authors: Lorenc, František (fotograf) (Photographer), Demuth, Karol, 1937- (Photographer)
Format: Photo
Language:Slovak
PhysicalDescription:1 pohľadnica (5 čiastkových pohľadov) farebná 15 x 11 cm
Published: Bratislava Pravda 1981
Subjects:

MARC

LEADER 00000nkm a2200000 a 4500
001 vtls012075725
003 SK-MaSNL
005 20260331212517.0
007 kf co
008 211102s1981 xo g kuslo
015 |a SNBG1981 
040 |a SNK  |b slo  |c SNK  |e AACR2 
041 0 |a slo 
043 |a e-xo--- 
044 |a xo  |c SK 
072 7 |a 908(437)  |x Vlastiveda Česka a Slovenska  |2 konspekt 
080 |a 908(437.6)  |2 2011 
080 |a 796.92.071.2  |2 2011 
080 |a 685.659.33  |2 2011 
080 |a 551.4.036  |2 2011 
080 |a (084.121)  |2 2011 
080 |a 911.2(23.046)  |2 2011 
080 |a 913(437.6)  |2 2011 
080 |a 640.412  |2 2011 
100 1 |a Lorenc, František  |c (fotograf)  |4 pht  |9 177742 
245 1 0 |a Donovaly - horská obec v najzápadnejšej časti Nízkych Tatier, vyhľadávané turistické a lyžiarske stredisko  |h grafika  |c foto František Lorenc, Karol Demuth 
246 1 |i Názov na obrazovej časti:  |a Donovaly 
260 |a Bratislava  |b Pravda  |c 1981  |e [Bratislava]  |f TZP-B 
300 |a 1 pohľadnica (5 čiastkových pohľadov)  |b farebná  |c 15 x 11 cm 
520 8 |a Zobrazenie: Päť čiastkových pohľadov, každý v bielom orámovaní, všetky spolu na zlatom podklade. Vpravo je vodorovne medzi pohľadmi bielym písmom na modrom podklade v bielom orámovaní názov. Pohľad na lyžiarov na lyžiarskom vleku, v pozadí sú vysoké hory s hustým ihličnatým lesom. Pohľad na zasneženú dolinu, v nej niekoľko domov. Vpravo v popredí je vysoký ihličnatý strom. V pozadí sú husté ihličnaté stromy lesa. Pohľad na Športhotel Donovaly, vpravo od neho je ihličnatý strom. Pohľad na rozsiahlu zasneženú plochu, v pozadí sú vysoké hory. Pohľad na poschodové budovy rekreačných zariadení. V pozadí sú husté ihličnaté stromy na svahu hory 
650 0 7 |a lyžiari  |2 SNKPH  |9 55075 
650 0 7 |a lyžiarske vleky  |2 SNKPH  |9 82035 
650 0 7 |a doliny  |2 SNKPH  |9 256361 
650 0 7 |a hotely  |2 SNKPH  |9 18422 
651 7 |a Donovaly (Slovensko)  |2 SNKPHgeo  |9 14559 
655 7 |a geografické pohľadnice  |2 SNKPH  |9 70522 
655 7 |a miestne pohľadnice  |2 SNKPH  |9 70510 
700 1 |a Demuth, Karol,  |d 1937-  |4 pht  |9 1634853 
958 |a GC 
958 |a GBN 
958 |a OND 
999 |c 784149  |d 786079 
952 |a SNK  |b SNK  |y PREZ  |7 0  |p 17A1409109  |o snkSP 129570  |0 0  |1 0  |4 0  |d 2021-11-02  |f 1  |l 0  |r 2026-02-24 01:15:09  |w 2026-02-24 
952 |a SNK  |b SNK  |y PREZ  |7 0  |p 17A1409108  |o snkSP 129570 D1  |0 0  |1 0  |4 0  |d 2021-11-02  |l 0  |r 2026-02-24 01:15:09  |w 2026-02-24